Type letters and numbers on keyboard 1-Z - Statistics

General Stats
  • This quiz has been taken 336 times
  • The average score is 13 of 36
Answer Stats
Numbers and letters % Correct
1
100%
2
99%
3
98%
4
98%
5
98%
6
98%
7
97%
8
96%
9
95%
0
83%
p
18%
e
13%
i
13%
o
13%
r
13%
t
13%
u
13%
w
13%
y
13%
a
12%
d
12%
f
12%
g
12%
q
12%
s
12%
h
11%
j
11%
k
11%
l
11%
b
10%
m
10%
n
10%
c
9%
v
9%
x
9%
z
9%
No matching quizzes found
Score Distribution
Percent of People with Each Score
Percentile by Number Answered
Your Score History
You have not taken this quiz